Planeamiento y programación por sistemas de paso crítico

Uloženo v:
Podrobná bibliografie
Hlavní autor: Castro Marín, Luis (Autor)
Médium: Kniha
Jazyk:španělština
Vydáno: Valparaíso Universidad Católica de Valparaíso 1978
Témata:
Tagy: Přidat tag
Žádné tagy, Buďte první, kdo vytvoří štítek k tomuto záznamu!

MARC

LEADER 00000nam a2200000 a 4500
001 UCU6992
003 CL-VaPUC
008 960628e19780000CL |||||||||||||||||spa|d
082 0 4 |a 658.403  |b CAS  |2 21 
100 0 |a Castro Marín, Luis  |e author  |9 365432 
245 1 0 |a Planeamiento y programación por sistemas de paso crítico 
300 |a 60 p 
942 |c BK 
945 |d 19960628 00:00:00  |a cmena 
260 |a Valparaíso  |b Universidad Católica de Valparaíso  |c 1978 
500 |a Programa de Educación Permanente para Profesionales 
650 7 |a PLANIFICACION OPERACIONAL  |2 CL-VaPUC  |9 340981 
650 0 |a Planificación estratégica   |9 259735 
650 7 |a ORDENAMIENTO  |2 CL-VaPUC  |9 365433 
650 7 |a PREVISION NORMATIVA  |2 CL-VaPUC  |9 365434 
650 7 |a PERT  |2 CL-VaPUC  |9 326349 
650 7 |a METODO DEL CAMINO CRITICO  |2 CL-VaPUC  |9 365435 
650 7 |a METODOS DE GESTION  |2 CL-VaPUC  |9 361178 
583 |a last modification  |c 19960628 00:00:00  |k Rodrigo Vera 
999 |c 249715  |d 249713 
952 |0 0  |1 0  |4 0  |6 658_403000000000000_CAS_1978  |7 0  |8 A  |9 267184  |a BIBING  |b BIBING  |d 2019-11-19  |i 1696459  |o 658.403 CAS 1978  |p 1696459  |r 2025-01-20  |w 2019-11-19  |y BK  |k EII